City of Djinns : (Record no. 130563)

MARC details
000 -LEADER
fixed length control field 00678nam a22002297a 4500
005 - DATE AND TIME OF LATEST TRANSACTION
control field 20170124110113.0
010 ## - LIBRARY OF CONGRESS CONTROL NUMBER
LC control number A-710019
020 ## - INTERNATIONAL STANDARD BOOK NUMBER
Terms of availability 00.00
International Standard Book Number 0006375952
035 ## - SYSTEM CONTROL NUMBER
System control number A-710019
037 ## - SOURCE OF ACQUISITION
Source of stock number/acquisition Cen Lib/Ret
040 ## - CATALOGING SOURCE
Original cataloging agency DPL
Language of cataloging EN
082 ## - DEWEY DECIMAL CLASSIFICATION NUMBER
Classification number 954.56
Item number WIL
100 ## - MAIN ENTRY--PERSONAL NAME
Personal name William, Dalrymple
9 (RLIN) 29511
245 ## - TITLE STATEMENT
Title City of Djinns :
Statement of responsibility, etc by William Dalrymple
Remainder of title a year in Delhi /
260 ## - PUBLICATION, DISTRIBUTION, ETC. (IMPRINT)
Place of publication, distribution, etc London
Name of publisher, distributor, etc Flamingo
Date of publication, distribution, etc 1994
270 ## - ADDRESS
City London
Address 77-85 Fulham Palace Road,Hammersmith
300 ## - PHYSICAL DESCRIPTION
Extent 350p.
Dimensions 17cm(HB)
Other physical details ill.
500 ## - GENERAL NOTE
General note Includes Bibliographical
650 ## - SUBJECT ADDED ENTRY--TOPICAL TERM
Topical term or geographic name as entry element Travel
9 (RLIN) 25007
650 ## - SUBJECT ADDED ENTRY--TOPICAL TERM
Topical term or geographic name as entry element Manners and customs
9 (RLIN) 32247
942 ## - ADDED ENTRY ELEMENTS (KOHA)
Source of classification or shelving scheme Dewey Decimal Classification
Koha item type English Books
Classification part 954.56
Call number suffix WIL
Holdings
Withdrawn status Lost status Damaged status Not for loan Home library Current library Date acquired Source of acquisition Cost, normal purchase price Total Checkouts Full call number Barcode Date last seen Copy number Cost, replacement price Price effective from Koha item type
        Central Library Central Library 09/07/2015 Cen Lib/Ret 0.00   954.56 WIL A-710019 09/07/2015 1 0.00 09/07/2015 English Books

© Delhi Public Library
Hit Counter
free hit counter